Fr. Conceicao Rodrigues College of Engineering

Engineering Circuit Analysis matlab examples (Record no. 19693)

MARC details
000 -LEADER
fixed length control field 00354nam a2200157Ia 4500
082 ## - DEWEY DECIMAL CLASSIFICATION NUMBER
Classification number 621.3192
Item number HAY
100 ## - MAIN ENTRY--PERSONAL NAME
Personal name Hayt/W.H/ Kemmerly/J.E
250 ## - EDITION STATEMENT
Edition statement 7
245 ## - TITLE STATEMENT
Title Engineering Circuit Analysis matlab examples
260 ## - PUBLICATION, DISTRIBUTION, ETC.
Name of publisher, distributor, etc. Tata Mc Graw hill Ltd.
Date of publication, distribution, etc. 2010
366 ## - TRADE AVAILABILITY INFORMATION
Publishers's discount category 20
300 ## - PHYSICAL DESCRIPTION
Extent 738
546 ## - LANGUAGE NOTE
Language note ENGLISH
-- TTL
942 ## - ADDED ENTRY ELEMENTS (KOHA)
Koha item type BOOK
Holdings
Withdrawn status Lost status Damaged status Not for loan Collection Home library Current library Date acquired Source of acquisition Cost, normal purchase price Inventory number Total Checkouts Full call number Barcode Date last seen Cost, replacement price Price effective from Koha item type
        CRC Fr. Agnel's C.Rodrigues College of Engineering Fr. Agnel's C.Rodrigues College of Engineering 17/03/2023 Book Base 380.00 10809 dt26/04/2011   621.3192 HAY 21582 17/03/2023 475.00   BOOK